| Tag |
First Indicator |
Second Indicator |
Subfields |
| LEADER |
00000cam a2200000 a 4500 |
| 001 |
in00001403460 |
| 005 |
20151020055527.0 |
| 008 |
970204s1997 dcua b f000 0 eng d |
| 035 |
|
|
|a (OCoLC)36318617
|
| 035 |
|
|
|9 AHN4706AM
|
| 037 |
|
|
|a 158026
|b GAO (202) 512-6000 (Voice); (301) 258-4066 (Fax)
|
| 040 |
|
|
|a GAO
|c GAO
|d TXA
|d UtOrBLW
|
| 043 |
|
|
|a n-us---
|
| 049 |
|
|
|a TXAS [mil]
|
| 086 |
0 |
|
|a GA 1.13:NSIAD-97-55BR
|
| 088 |
|
|
|a GAO/NSIAD-97-55BR
|
| 088 |
|
|
|a B-275525
|
| 090 |
|
|
|a UA42.A3
|b A29895 1997
|
| 110 |
1 |
|
|a United States.
|b General Accounting Office.
|
| 245 |
1 |
0 |
|a Army National Guard :
|b planned conversions are a positive step, but unvalidated combat forces remain : briefing report to Congressional requesters /
|c United States General Accounting Office.
|
| 246 |
3 |
0 |
|a Planned conversions are a positive step, but unvalidated combat forces remain
|
| 264 |
|
1 |
|a Washington, D.C. :
|b The Office ;
|c [1997]
|
| 264 |
|
2 |
|a Gaithersburg, MD (P.O. Box 6015, Gaithersburg 20884-6015) :
|b The Office [distributor],
|
| 300 |
|
|
|a 31 pages :
|b illustrations ;
|c 28 cm.
|
| 336 |
|
|
|a text
|b txt
|2 rdacontent
|
| 337 |
|
|
|a unmediated
|b n
|2 rdamedia
|
| 338 |
|
|
|a volume
|b nc
|2 rdacarrier
|
| 500 |
|
|
|a Cover title.
|
| 500 |
|
|
|a "January 1997."
|
| 504 |
|
|
|a Includes bibliographical references.
|
| 500 |
|
|
|a "GAO/NSIAD-97-55BR."
|
| 500 |
|
|
|a "B-275525"--P. 1.
|
| 651 |
|
0 |
|a United States
|x National Guard.
|
| 651 |
|
0 |
|a United States
|x Military policy.
|
| 650 |
|
0 |
|a Manpower
|z United States.
|
| 999 |
|
|
|a MARS
|
| 999 |
f |
f |
|s b3b9d778-fda6-3cce-b664-bab24272e941
|i 0b650b02-3cc4-3dd7-8a71-76fb987ca601
|t 0
|
| 952 |
f |
f |
|p noncirc
|a Texas A&M University
|b College Station
|c Cushing Memorial Library & Archives
|d Cushing: Ragan Military (Does not check out)
|t 0
|e UA42.A3 A29895 1997
|h Library of Congress classification
|i unmediated -- volume
|
| 998 |
f |
f |
|a UA42.A3 A29895 1997
|t 0
|l Cushing: Ragan Military (Does not check out)
|